|
|
|
|
| LEADER |
00000nac a2200000 i 4500 |
| 003 |
Ucuenca |
| 005 |
20230308231000.0 |
| 006 |
a||||gr|||| 001 f |
| 007 |
ta |
| 008 |
982070t19831955mx gr|||| 0|1|f|spa a |
| 040 |
|
|
|b spa
|a UCuenca-cdrjbv
|c UCuenca
|e rda
|
| 041 |
0 |
|
|a spa
|
| 082 |
0 |
|
|2 22
|a M863.4
|c 352472
|
| 100 |
1 |
|
|9 265052
|a Pérez Rulfo Vizcaíno, Juan Nepomuceno Carlos.
|d 1917-1986
|
| 245 |
0 |
0 |
|a Pedro Páramo /
|c Juan Rulfo.
|
| 250 |
|
|
|a Segunda edición /
|b segunda reimpresión.
|
| 264 |
|
1 |
|a México:
|b Fondo de Cultura Económica,
|c 1983.
|
| 264 |
|
4 |
|c ©1955
|
| 300 |
|
|
|a 128 páginas:
|c 17 cm
|
| 336 |
|
|
|2 rdacontent
|a texto
|b txt
|
| 337 |
|
|
|2 rdamedia
|a no mediado
|b n
|
| 338 |
|
|
|2 rdacarrier
|a volumen
|b nc
|
| 490 |
|
|
|a Colección Popular,
|v 58
|
| 504 |
|
|
|a incl. bibind.
|
| 650 |
2 |
7 |
|a Novela
|2 UCuenca-cdrjbv
|z México
|9 251946
|
| 650 |
2 |
0 |
|a Literatura
|z México
|9 251947
|2 UCuenca-cdrjbv
|
| 651 |
|
|
|2 UCuenca-cdrjbv
|
| 852 |
|
|
|a UC-CDJBV
|
| 942 |
|
|
|0 1
|2 ddc
|c CR
|z bladimir.cabrerar@ucuenca.edu.ec
|
| 999 |
|
|
|c 159022
|d 159022
|